000 00326nam a22001457a 4500
008 230906b ||||| |||| 00| 0 eng d
020 _a9780195131239
041 _aeng
080 _a616.8
082 _a616.8IVE
100 _a11.2
101 _aNEURO
245 _aTHE SCIENCE OF MARIJUANA
_cIVERSEN.L.L
942 _2udc
_cBK
999 _c60253
_d60253